=LDR 00000nam 2200000 4500 =001 INLIS000000000015927 =005 20200804094523 =035 ##$$a 0010-061300000015927 =008 200804################g##########0#ind## =041 ##$$a Ind =082 ##$$a 2x7.15 =090 ##$$a 2x7.15, Mel m =245 1#$$a Melihat S. Freud dari jendela lain /$c Muhammad Quthb, Hasan Syarkawi, et.all =260 ##$$a Jakarta :$b Studia Press,$c 1996 =300 ##$$a 80 hlm., 17 cm ; $c 16 x 12 cm =650 #4$$a Psikologi - Islam =700 #$$a Quthb, Muhammad =850 ##$$a NBPNMAT =084 ##$$a 2x7.15 MEL m =100 #$$a Melihat S. Freud dari jendela lain =990 ##$$a 135.847/pro98 =990 ##$$a 135.848/pro98 =990 ##$$a 135.449/pro98 =990 ##$$a 135.449/pro98 =990 ##$$a 135.847/pro98 =990 ##$$a 135.848/pro98 =990 ##$$a 135.848/pro98 =990 ##$$a 135.847/pro98 =990 ##$$a 135.449/pro98 =990 ##$$a 135.847/pro98 =990 ##$$a 135.848/pro98 =990 ##$$a 135.449/pro98